<?xml version="1.0" encoding="UTF-8"?>
<record
    xmlns:xsi="http://www.w3.org/2001/XMLSchema-instance"
    xsi:schemaLocation="http://www.loc.gov/MARC21/slim http://www.loc.gov/standards/marcxml/schema/MARC21slim.xsd"
    xmlns="http://www.loc.gov/MARC21/slim">

  <leader>01094nam a22002417a 4500</leader>
  <datafield tag="999" ind1=" " ind2=" ">
    <subfield code="c">22339</subfield>
    <subfield code="d">22339</subfield>
  </datafield>
  <controlfield tag="003">AR-CdUCM</controlfield>
  <controlfield tag="008">190429b           ||||| |||| 00| 0 spa d</controlfield>
  <datafield tag="040" ind1=" " ind2=" ">
    <subfield code="a">MUNICIPALIDAD PROVINCIAL DEL CUSCO</subfield>
    <subfield code="c">BIBLIOTECA MUNICIPAL DEL CUSCO</subfield>
  </datafield>
  <datafield tag="082" ind1=" " ind2=" ">
    <subfield code="a">Anta/N&#xB0;1/2016</subfield>
  </datafield>
  <datafield tag="110" ind1=" " ind2=" ">
    <subfield code="a">Municipalidad Provincial de Anta</subfield>
    <subfield code="9">44100</subfield>
  </datafield>
  <datafield tag="245" ind1=" " ind2=" ">
    <subfield code="a">Anta destino tur&#xED;stico del Per&#xFA; :</subfield>
    <subfield code="b">Revista informativa cultural tur&#xED;stica /</subfield>
    <subfield code="c">Municipalidad Provincial de Anta</subfield>
  </datafield>
  <datafield tag="260" ind1=" " ind2=" ">
    <subfield code="a">Cusco.</subfield>
    <subfield code="b">Americana,</subfield>
    <subfield code="b">Municipalidad Provincial de Anta,</subfield>
    <subfield code="c">2016.</subfield>
  </datafield>
  <datafield tag="300" ind1=" " ind2=" ">
    <subfield code="a">80 p&#xE1;ginas. :</subfield>
    <subfield code="b">ilustraciones en color ;</subfield>
    <subfield code="c">15x21 cm.</subfield>
  </datafield>
  <datafield tag="440" ind1=" " ind2=" ">
    <subfield code="a">Anta.</subfield>
    <subfield code="n">N&#xB0;01, mayo 2016.</subfield>
    <subfield code="9">47878</subfield>
  </datafield>
  <datafield tag="505" ind1=" " ind2=" ">
    <subfield code="a">Contenido: El Apu Kunkun&#xF1;a. -- Sitio arqueol&#xF3;gico Andenes de Zurite. -- Sitio arqueol&#xF3;gico de Tumibamba, Killarumiyoq, Tarawasi, Qollmay, Markawasi, Choquechurco, Choquequirao.</subfield>
  </datafield>
  <datafield tag="650" ind1=" " ind2=" ">
    <subfield code="a">Atractivos tur&#xED;sticos</subfield>
    <subfield code="9">43106</subfield>
  </datafield>
  <datafield tag="650" ind1=" " ind2=" ">
    <subfield code="a">Sitios arqueol&#xF3;gicos</subfield>
    <subfield code="9">7688</subfield>
  </datafield>
  <datafield tag="650" ind1=" " ind2=" ">
    <subfield code="a">Historia de Anta</subfield>
    <subfield code="9">44101</subfield>
  </datafield>
  <datafield tag="650" ind1=" " ind2=" ">
    <subfield code="a">Provincia de Anta</subfield>
    <subfield code="9">47879</subfield>
  </datafield>
  <datafield tag="700" ind1=" " ind2=" ">
    <subfield code="a">Llacolla Huallparimachi, Justino Wiler</subfield>
    <subfield code="9">44099</subfield>
  </datafield>
  <datafield tag="942" ind1=" " ind2=" ">
    <subfield code="2">ddc</subfield>
    <subfield code="c">PP</subfield>
  </datafield>
  <datafield tag="945" ind1=" " ind2=" ">
    <subfield code="a">rac</subfield>
  </datafield>
  <datafield tag="952" ind1=" " ind2=" ">
    <subfield code="0">0</subfield>
    <subfield code="2">ddc</subfield>
    <subfield code="4">0</subfield>
    <subfield code="7">0</subfield>
    <subfield code="a">HEM</subfield>
    <subfield code="b">HEM</subfield>
    <subfield code="c">CART</subfield>
    <subfield code="d">2022-04-19</subfield>
    <subfield code="g">2.00</subfield>
    <subfield code="o">Anta/N&#xB0;1/2016</subfield>
    <subfield code="p">REVC000697</subfield>
    <subfield code="r">2022-04-19</subfield>
    <subfield code="y">PP</subfield>
  </datafield>
</record>
